Loading...
| Beliefs | 0 | 3 | 0 | 0 | 30 | 94 | 122.33 | 1 | 3 | 0.00 | 0.00 |
| History - American | 2 | 0 | 0 | 0 | 30 | 55 | 56.00 | 2 | 2 | 0.00 | 0.00 |
| History - World | 1 | 1 | 0 | 1 | 25 | 61 | 95.00 | 1 | 2 | 0.00 | 0.00 |
| Science - Physics | 1 | 1 | 0 | 0 | 25 | 43 | 78.00 | 1 | 2 | 0.00 | 0.00 |
| 1 | 1 | 1 | 1 | 20 | 75 | 112.00 | 0 | 2 | 0.00 | 0.00 | |
| Philosophy | 0 | 2 | 0 | 2 | 20 | 131 | 134.50 | 0 | 2 | 0.00 | 0.00 |
| History - European | 1 | 0 | 0 | 1 | 15 | 69 | 69.00 | 0 | 1 | 0.00 | 0.00 |
| Literature - British | 0 | 1 | 0 | 0 | 10 | 141 | 141.00 | 0 | 1 | 0.00 | 0.00 |
| Other Academic | 0 | 1 | 0 | 1 | 10 | 140 | 140.00 | 0 | 1 | 0.00 | 0.00 |
| Other Arts: Auditory | 0 | 1 | 0 | 1 | 10 | 139 | 139.00 | 0 | 1 | 0.00 | 0.00 |
| Other Science: Computer Science | 0 | 1 | 0 | 1 | 10 | 135 | 135.00 | 0 | 1 | 0.00 | 0.00 |
| Other Science: Earth Science | 0 | 1 | 0 | 0 | 10 | 95 | 95.00 | 0 | 1 | 0.00 | 0.00 |
| Fine Arts - Auditory | 0 | 1 | 0 | 0 | 10 | 123 | 123.00 | 1 | 1 | 0.00 | 0.00 |
| Science - Biology | 0 | 1 | 1 | 0 | 5 | 142 | 142.00 | 0 | 1 | 0.00 | 0.00 |
| Literature - European | 0 | 0 | 1 | 0 | -5 | 0.00 | 0 | 0 | 0.00 | 0.00 | |
| Fine Arts - Visual | 0 | 0 | 1 | 0 | -5 | 0.00 | 0 | 0 | 0.00 | 0.00 | |
| Social Science | 0 | 0 | 2 | 0 | -10 | 0.00 | 0 | 0 | 0.00 | 0.00 | |
| Literature - American | 0 | 0 | 2 | 0 | -10 | 0.00 | 0 | 0 | 0.00 | 0.00 |